[Event "Vadsøsjakken"]
[Site "Vadsø"]
[Date "2010.08.27"]
[Round "1"]
[White "Schølseth, Tor Kristian"]
[Black "Boitsov, Gennadij"]
[Result "1/2-1/2"]
[WhiteElo "2017"]
[BlackElo "2224"]
[Annotator ""]
[Source ""]
[Remark "Gruppe A"]

1.d4 Nf6 2.c4 e6 3.g3 Bb4+ 4.Bd2 Qe7 5.Bg2 Nc6 6.Nf3 O-O 7.O-O
Bxd2 8.Qxd2 d6 9.Nc3 Re8 10.Rfe1 Rb8 11.Rac1 1/2-1/2

[Event "Vadsøsjakken"]
[Site "Vadsø"]
[Date "2010.08.27"]
[Round "1"]
[White "Hanssen, Gunnar Berg"]
[Black "Bue, Gunnar"]
[Result "1-0"]
[WhiteElo "2085"]
[BlackElo "1674"]
[Annotator ""]
[Source ""]
[Remark "Gruppe A"]

1.Nf3 Nf6 2.c4 g6 3.d4 Bg7 4.g3 O-O 5.Bg2 c6 6.O-O d6 7.Nc3 Nbd7
8.e4 e5 9.h3 exd4 10.Nxd4 Ne5 11.b3 a6 12.Re1 Re8 13.Be3 b5 14.f4
Ned7 15.Nxc6 Qc7 16.cxb5 Bb7 17.Rc1 Bxc6 18.bxc6 Nc5 19.e5 1-0

[Event "Vadsøsjakken"]
[Site "Vadsø"]
[Date "2010.08.27"]
[Round "1"]
[White "Walseth, Tron"]
[Black "Arvola, Benjamin"]
[Result "0-1"]
[WhiteElo "1950"]
[BlackElo "2170"]
[Annotator ""]
[Source ""]
[Remark "Gruppe A"]

1.c4 e5 2.g3 Nf6 3.Bg2 c6 4.d4 exd4 5.Nf3 c5 6.O-O Nc6 7.e3 dxe3
8.Bxe3 Be7 9.Nc3 d6 10.Qe2 O-O 11.Rad1 Qa5 12.Bd2 Be6 13.a3 Qa6
14.Nb5 Qb6 15.Bf4 Na5 16.Rxd6 Bxd6 17.Nxd6 Rad8 18.Qe5 Ng4 19.Qh5
Rxd6 20.b4 Nf6 21.Qe5 Nxc4 22.bxc5 Nxe5 23.cxb6 Nxf3+ 0-1

[Event "Vadsøsjakken"]
[Site "Vadsø"]
[Date "2010.08.27"]
[Round "1"]
[White "Andreassen, Arnold"]
[Black "Houska, Jovanka"]
[Result "0-1"]
[WhiteElo "2098"]
[BlackElo "2421"]
[Annotator ""]
[Source ""]
[Remark "Gruppe A"]

1.e4 c6 2.c4 d5 3.cxd5 cxd5 4.exd5 Nf6 5.Qa4+ Nbd7 6.Nc3 g6 7.Nf3
Bg7 8.Bc4 O-O 9.d3 a6 10.Qa3 b6 11.O-O Bb7 12.Be3 Rc8 13.Rac1
b5 14.Bb3 Re8 15.Qb4 Bf8 16.Qd4 Nc5 17.Ng5 Nxb3 18.axb3 Nxd5
19.Qh4 h6 20.Nge4 Nxe3 21.fxe3 b4 22.Ne2 Rxc1 23.Nxc1 Qd5 24.Qf2
Rc8 25.h4 Bg7 26.h5 f5 27.Ng3 f4 28.Ne4 fxe3 29.Qg3 Qxh5 30.Qxe3
Rc2 31.Qb6 Bxe4 32.dxe4 Qg4 0-1

[Event "Vadsøsjakken"]
[Site "Vadsø"]
[Date "2010.08.27"]
[Round "1"]
[White "Hagesæther, Arne"]
[Black "Getz, Nicolai"]
[Result "0-1"]
[WhiteElo "2081"]
[BlackElo "2252"]
[Annotator ""]
[Source ""]
[Remark "Gruppe A"]

1.e4 c5 2.c3 Nf6 3.e5 Nd5 4.Nf3 e6 5.Bc4 Nc6 6.O-O Nb6 7.Bb3
c4 8.Bc2 Qc7 9.Qe2 g5 10.Nxg5 Qxe5 11.Qxe5 Nxe5 12.Nxh7 Be7 13.f4
Nd3 14.Bxd3 cxd3 15.Ng5 Nd5 16.b3 b6 17.Ba3 Nxf4 18.Bxe7 Ne2+
19.Kf2 Kxe7 20.Ke3 f5 21.Nf3 Bb7 22.Na3 Rag8 23.Kxd3 Rxg2 24.Rae1
Nf4+ 25.Kc2 Be4+ 26.Kd1 Nd3 27.Re3 d5 28.c4 f4 29.Re2 Nb2+ 30.Kc1
Rxe2 31.Kxb2 d4 32.Nb5 Bxf3 33.Rxf3 e5 34.Nxa7 Rxd2+ 35.Kc1 Rxa2
36.Nc6+ Kf6 37.Nb4 Raxh2 0-1

[Event "Vadsøsjakken"]
[Site "Vadsø"]
[Date "2010.08.27"]
[Round "1"]
[White "Feoktistov, Aleksei"]
[Black "Esbensen, Andreas"]
[Result "1-0"]
[WhiteElo "2424"]
[BlackElo "2050"]
[Annotator ""]
[Source ""]
[Remark "Gruppe A"]

1.d4 d5 2.Nf3 e6 3.g3 f5 4.Bg2 Nf6 5.O-O Bd6 6.c4 c6 7.b3 Qe7
8.Qc2 O-O 9.a4 b6 10.Ba3 Bb7 11.Ne5 Na6 12.cxd5 cxd5 13.Bxd6
Qxd6 14.Rc1 Rfc8 15.Nc3 Nb4 16.Qd2 a5 17.Nc4 Qd8 18.Nb5 Ba6 19.Ncd6
Rxc1+ 20.Rxc1 Bxb5 21.Nxb5 Rc8 22.Qf4 Rxc1+ 23.Qxc1 Qd7 24.Qf4
Qc6 25.Qb8+ Kf7 26.f3 Qc1+ 27.Kf2 Nc2 28.Qc7+ Kg6 29.Qc3 Qd1
30.Bf1 Na1 31.Nc7 Nxb3 32.Nxe6 Nd2 33.Bg2 Nb3 34.Qc7 1-0

[Event "Vadsøsjakken"]
[Site "Vadsø"]
[Date "2010.08.27"]
[Round "1"]
[White "Kristensen, Kjell Ole"]
[Black "Svenske, Jan"]
[Result "1-0"]
[WhiteElo "2017"]
[BlackElo "1717"]
[Annotator ""]
[Source ""]
[Remark "Gruppe A"]

1.e4 d6 2.d4 Nf6 3.Nc3 g6 4.Be2 Bg7 5.g4 c6 6.g5 Nfd7 7.f4 b5
8.a3 Nb6 9.h4 a6 10.h5 h6 11.hxg6 fxg6 12.f5 hxg5 13.Rxh8+ Bxh8
14.Bxg5 gxf5 15.Bh5+ Kd7 16.exf5 Kc7 17.Qd3 Qg8 18.Bg6 e5 19.Nf3
N8d7 20.O-O-O exd4 21.Nxd4 Bxd4 22.Qxd4 d5 23.Rh1 c5 24.Qf4+
Kb7 25.Qd6 d4 26.Bf4 Ra7 27.Rh7 Ka8 28.Ne4 Nc4 29.Qc6+ Bb7 30.Qxd7 1-0

[Event "Vadsøsjakken"]
[Site "Vadsø"]
[Date "2010.08.27"]
[Round "1"]
[White "Aanstad, Magnus"]
[Black "Tiviakov, Sergei"]
[Result "0-1"]
[WhiteElo "1896"]
[BlackElo "2623"]
[Annotator ""]
[Source ""]
[Remark "Gruppe A"]

1.e4 d5 2.exd5 Qxd5 3.Nc3 Qd6 4.Nf3 Nf6 5.d4 c6 6.Be2 g6 7.O-O
Bg7 8.Bg5 O-O 9.Qd2 Bf5 10.Bc4 b5 11.Bf4 Qd8 12.Bb3 a5 13.a4
b4 14.Ne2 Bg4 15.Ne5 Bxe2 16.Qxe2 Qxd4 17.Bg3 Nd5 18.Nc4 Nd7
19.Rad1 Qa7 20.Rfe1 e6 21.Kh1 Rfd8 22.f4 Qc5 23.Qf3 Qe7 24.Ne5
Nxe5 25.fxe5 Rd7 26.Qe4 Bh6 27.Rd3 Rad8 28.Rf3 Bg5 29.Ref1 Qf8
30.Qg4 Qh6 31.h4 Bc1 32.Kg1 Ne3 0-1

[Event "Vadsøsjakken"]
[Site "Vadsø"]
[Date "2010.08.27"]
[Round "1"]
[White "Tsjembajev, Evgenij"]
[Black "Flermoen, Peter"]
[Result "0-1"]
[WhiteElo "2203"]
[BlackElo "2110"]
[Annotator ""]
[Source ""]
[Remark "Gruppe A"]

1.d4 Nf6 2.Nf3 g6 3.c4 Bg7 4.Nc3 d5 5.cxd5 Nxd5 6.e4 Nxc3 7.bxc3
c5 8.Be3 O-O 9.Be2 Nc6 10.h3 e6 11.O-O cxd4 12.cxd4 b6 13.Rc1
Bb7 14.Bg5 Qd7 15.Bb5 a6 16.d5 axb5 17.dxc6 Bxc6 18.Qxd7 Bxd7
19.Rc7 Bc8 20.Rfc1 e5 21.Be7 Re8 22.a3 Be6 23.R1c6 Rab8 24.Bd6
Bc4 25.Ra7 Rbd8 26.Rxb6 Bh6 27.Be7 Rd1+ 28.Kh2 Be2 29.Bg5 Bf8
30.Be3 Rd3 31.Ng5 Rxe3 32.fxe3 Bc5 33.Rbb7 Bxa7 34.Rxa7 Bc4 35.g4
h6 36.Nf3 Bd3 37.a4 Bxe4 38.Nd2 Bd3 39.Rd7 e4 40.axb5 Bxb5 41.Rd4
Bd3 42.Kg3 g5 43.h4 Re6 44.hxg5 hxg5 45.Nf3 f6 46.Rd8+ Kf7 47.Nd4
Rb6 48.Nf5 Rb1 49.Rd4 Ke6 50.Kg2 Ke5 51.Ra4 Rb2+ 52.Kg1 Be2 53.Ra5+
Rb5 54.Rxb5+ Bxb5 55.Kf2 Bd7 56.Nh6 Be6 57.Kg3 Kd5 58.Kf2 Kc4
59.Ke2 Kc3 0-1

[Event "Vadsøsjakken"]
[Site "Vadsø"]
[Date "2010.08.27"]
[Round "1"]
[White "Grønn, Atle"]
[Black "Savenkova, Anna"]
[Result "1-0"]
[WhiteElo "2378"]
[BlackElo "2141"]
[Annotator ""]
[Source ""]
[Remark "Gruppe A"]

1.Nf3 d5 2.d4 e6 3.c4 c6 4.Qc2 f5 5.Bf4 Nf6 6.e3 Bd6 7.Bxd6 Qxd6
8.Bd3 O-O 9.O-O Ne4 10.Ne5 Nd7 11.f3 Nef6 12.Nxd7 Bxd7 13.Nc3
f4 14.c5 Qc7 15.e4 e5 16.exd5 cxd5 17.Qf2 b6 18.cxb6 axb6 19.dxe5
Qxe5 20.Rfe1 Qd6 21.Rad1 Qc5 22.Qxc5 bxc5 23.Nxd5 Nxd5 24.Bc4
Bc6 25.Rxd5 Bxd5 26.Bxd5+ Kh8 27.Bxa8 Rxa8 28.a3 Kg8 29.Kf2 Rb8
30.Rb1 Rb3 31.Ke2 g5 32.Kd2 h5 33.Kc2 Re3 34.Rd1 g4 35.fxg4 hxg4
36.a4 f3 37.gxf3 gxf3 38.Rf1 c4 39.a5 Re5 40.Rxf3 Rxa5 41.Rf4 1-0

[Event "Vadsøsjakken"]
[Site "Vadsø"]
[Date "2010.08.27"]
[Round "1"]
[White "Brasøy, Aksel"]
[Black "Lubnin, Leonid"]
[Result "1/2-1/2"]
[WhiteElo "1917"]
[BlackElo "2178"]
[Annotator ""]
[Source ""]
[Remark "Gruppe A"]

1.d4 c5 2.d5 e6 3.c4 exd5 4.cxd5 d6 5.Nc3 a6 6.a4 Nf6 7.e4 g6
8.Bd3 Bg7 9.h3 O-O 10.Nf3 Re8 11.O-O Nbd7 12.Bf4 Qe7 13.Re1 Nh5
14.Bh2 Qf6 15.Qd2 h6 16.Rab1 g5 17.Ne2 b5 18.axb5 axb5 19.Bxb5
Rxe4 20.Nc3 Rxe1+ 21.Rxe1 Nf8 22.Ne4 Qxb2 23.Qxb2 Bxb2 24.Bxd6
g4 25.hxg4 Bxg4 26.Nh2 Bd7 27.Be2 Nf6 28.Nxf6+ Bxf6 29.Bxc5 Ra5
30.Bxf8 Kxf8 31.Bf3 Bc3 32.Rc1 Bb2 33.Rb1 Ra1 34.Rxa1 Bxa1 35.Ng4
Bxg4 {(=)} 36.Bxg4 Ke7 37.Kh2 Kd6 38.Bf3 Bg7 39.g3 Ke5 40.Bg2
Bf8 41.Kh3 Bc5 42.f4+ Kf5 43.Kh4 Kf6 44.Bf3 Kg6 45.Bh5+ Kf6 46.Kg4
Ke7 47.Kf5 Bf2 48.g4 Bc5 49.Ke4 1/2-1/2

[Event "Vadsøsjakken"]
[Site "Vadsø"]
[Date "2010.08.27"]
[Round "1"]
[White "Johnsen, Kjell Magne"]
[Black "Røyset, Pål"]
[Result "0-1"]
[WhiteElo "1937"]
[BlackElo "2060"]
[Annotator ""]
[Source ""]
[Remark "Gruppe A"]

1.d4 Nf6 2.c4 e6 3.Nc3 Bb4 4.e3 O-O 5.Bd3 d6 6.Nge2 c5 7.O-O
Nc6 8.a3 Bxc3 9.Nxc3 h6 10.Bc2 b6 11.b3 Ba6 12.d5 Ne7 13.Re1
Qd7 14.Bb2 Bb7 15.e4 e5 16.f4 exf4 17.e5 dxe5 18.Rxe5 Ng6 19.Bf5
Qd8 20.Bxg6 fxg6 21.Qd3 Ng4 22.Re2 Qg5 23.Ne4 Qf5 24.Qc3 Qd7
25.Nd6 Nf6 26.Nxb7 Qxb7 27.Rae1 Rf7 28.Re6 Raf8 29.Qf3 g5 30.Qd3
Ng4 31.Rg6 Ne3 32.Qc3 Nf5 33.Ree6 Nd4 34.Qd3 Nf5 35.Qc3 f3 36.g4
Nd4 37.Qd3 f2+ 38.Kg2 Nxe6 0-1

[Event "Vadsøsjakken"]
[Site "Vadsø"]
[Date "2010.08.27"]
[Round "1"]
[White "Dezhurko, Arkadi"]
[Black "Demac, Elias"]
[Result "1/2-1/2"]
[WhiteElo "2151"]
[BlackElo "2112"]
[Annotator ""]
[Source ""]
[Remark "Gruppe A"]

1.e4 Nf6 2.Bc4 d5 3.exd5 Nxd5 4.Qf3 e6 5.c3 Nb6 6.Bb5+ c6 7.Bd3
Bd6 8.Ne2 N8d7 9.Bc2 Qf6 10.Qxf6 Nxf6 11.d4 O-O 12.Bg5 Nfd5 13.Nd2
e5 14.O-O h6 15.Bh4 Bg4 16.Rfe1 Rfe8 17.Bg3 exd4 18.Nxd4 Bxg3
19.hxg3 Nf6 20.f3 Bd7 21.N4b3 Nbd5 22.Nc4 b6 23.Ne5 c5 24.Nd2
Rad8 25.Nxd7 Rxe1+ 26.Rxe1 Rxd7 27.Nc4 Re7 28.Rxe7 Nxe7 29.Ne5
Ne8 30.Nc4 f6 31.Kf2 Nc8 32.Ne3 Kf8 33.Nd5 Ne7 34.Ne3 Nd6 35.Ba4
b5 36.Bc2 Ke8 37.a4 a6 38.Nf1 Kd7 39.g4 Nd5 40.Ng3 b4 41.cxb4
Nxb4 42.Bg6 Nc4 43.b3 Ne5 44.Be4 Ke6 45.Ke3 g6 46.Kd2 Nd5 47.Ne2
a5 48.Bxd5+ Kxd5 49.Kc3 Kd6 50.Ng3 Kd5 51.Nf1 Nc6 52.Ne3+ Kd6
53.Kc4 Nd4 54.Nd5 Nxb3 55.Nxf6 Nd2+ 56.Kd3 Nb3 57.Kc3 Nd4 58.Kc4
Kc6 59.Ng8 Nc2 1/2-1/2

[Event "Vadsøsjakken"]
[Site "Vadsø"]
[Date "2010.08.28"]
[Round "2"]
[White "Bue, Gunnar"]
[Black "Tsjembajev, Evgenij"]
[Result "0-1"]
[WhiteElo "1674"]
[BlackElo "2203"]
[Annotator ""]
[Source ""]
[Remark "Gruppe A"]

1.d4 e6 2.c4 c5 3.e3 Nf6 4.Nf3 cxd4 5.exd4 d5 6.Bd3 a6 7.O-O
dxc4 8.Bxc4 b5 9.Bb3 Bb7 10.Be3 Nc6 11.Nc3 Na5 12.Bc2 Nc4 13.Bc1
Rc8 14.Re1 Bb4 15.a3 Nxb2 16.Bxb2 Bxc3 17.Rb1 Bxf3 0-1

[Event "Vadsøsjakken"]
[Site "Vadsø"]
[Date "2010.08.28"]
[Round "2"]
[White "Getz, Nicolai"]
[Black "Feoktistov, Aleksei"]
[Result "1-0"]
[WhiteElo "2252"]
[BlackElo "2424"]
[Annotator ""]
[Source ""]
[Remark "Gruppe A"]

1.e4 e5 2.Nf3 Nc6 3.Bb5 Nd4 4.Nxd4 exd4 5.O-O Bc5 6.d3 c6 7.Ba4
Ne7 8.Nd2 O-O 9.c3 dxc3 10.bxc3 d5 11.d4 Bb6 12.Ba3 Re8 13.Qh5
Ng6 14.exd5 Nf4 15.Qf3 Nxd5 16.Rae1 Be6 17.Ne4 Bc7 18.Nc5 Qd6
19.Re5 f6 20.Nxe6 Qxa3 21.Nxc7 fxe5 22.Bb3 Qxb3 23.axb3 Nxc7
24.Qg3 Rad8 25.dxe5 Ne6 26.f4 Nc5 27.f5 Rd3 28.Qg4 Rxe5 29.f6
Ne6 30.fxg7 Rde3 31.Qb4 Kxg7 32.Qxb7+ Kh6 33.Qxc6 a5 34.b4 axb4
35.cxb4 Kg5 36.b5 Re2 37.b6 Nf4 38.h4+ 1-0

[Event "Vadsøsjakken"]
[Site "Vadsø"]
[Date "2010.08.28"]
[Round "2"]
[White "Savenkova, Anna"]
[Black "Aanstad, Magnus"]
[Result "1/2-1/2"]
[WhiteElo "2141"]
[BlackElo "1896"]
[Annotator ""]
[Source ""]
[Remark "Gruppe A"]

1.d4 Nf6 2.e3 d5 3.Bd3 c5 4.c3 Nc6 5.f4 cxd4 6.exd4 g6 7.Nf3
Bg7 8.O-O O-O 9.Ne5 Qb6 10.Kh1 Ne4 11.Nd2 f5 12.Qe1 Nxe5 13.dxe5
Bd7 14.Qe2 Nc5 15.Nf3 Nxd3 16.Qxd3 Bb5 17.Qxd5+ e6 18.Qd1 Bxf1
19.Qxf1 Rad8 20.Nd4 Rfe8 21.Qf2 Bf8 22.Be3 Qa6 23.a3 Qc4 24.Nf3
a5 25.Bd4 Be7 26.Nd2 Qd3 27.Nb3 Rd5 28.Be3 a4 29.Nd4 Bc5 30.Nxf5
Bxe3 31.Nxe3 Rb5 1/2-1/2

[Event "Vadsøsjakken"]
[Site "Vadsø"]
[Date "2010.08.28"]
[Round "2"]
[White "Lubnin, Leonid"]
[Black "Rølvåg, Mikael"]
[Result "1-0"]
[WhiteElo "2178"]
[BlackElo "2086"]
[Annotator ""]
[Source ""]
[Remark "Gruppe A"]

1.c4 c5 2.Nf3 g6 3.d4 cxd4 4.Nxd4 Nc6 5.e4 Nf6 6.Nc3 d6 7.Be2
Bg7 8.Be3 O-O 9.O-O Bd7 10.Rc1 Nxd4 11.Bxd4 Bc6 12.f3 a5 13.Nd5
Nd7 14.Bxg7 Kxg7 15.Qd4+ e5 16.Qe3 Bxd5 17.exd5 Nc5 18.b3 Qb6
19.h4 a4 20.b4 Qxb4 21.Rb1 Qa5 22.f4 Rae8 23.f5 f6 24.fxg6 hxg6
25.h5 Qa7 26.hxg6 f5 27.g3 Rf6 28.Kg2 f4 29.Rxf4 exf4 30.Qxe8
Rxg6 31.Qe7+ Kg8 32.g4 Qb8 33.Rh1 Rg7 34.Qh4 Qe8 35.Bf3 Nd3 36.Qh8+
Kf7 37.Qh5+ Ke7 38.Qf5 Ne5 39.Rh6 Ng6 40.Qe6+ Kd8 41.Qf6+ 1-0

[Event "Vadsøsjakken"]
[Site "Vadsø"]
[Date "2010.08.28"]
[Round "2"]
[White "Flermoen, Peter"]
[Black "Hanssen, Gunnar Berg"]
[Result "1-0"]
[WhiteElo "2110"]
[BlackElo "2085"]
[Annotator ""]
[Source ""]
[Remark "Gruppe A"]

1.e4 c6 2.d4 d5 3.Nc3 dxe4 4.Nxe4 Bf5 5.Ng3 Bg6 6.h4 h6 7.Nf3
Nd7 8.h5 Bh7 9.Bd3 Bxd3 10.Qxd3 e6 11.Bf4 Qa5+ 12.Bd2 Bb4 13.c3
Be7 14.c4 Qc7 15.O-O-O Ngf6 16.Kb1 O-O 17.Ne4 Nxe4 18.Qxe4 Nf6
19.Qe2 c5 20.dxc5 Bxc5 21.Bc3 Rad8 22.Ne5 Rxd1+ 23.Rxd1 Rd8 24.Rxd8+
Qxd8 25.Kc2 Qb6 26.f4 Bd4 27.g4 Bxc3 28.Kxc3 Qg1 29.Qd3 Qc5 30.b4
Qf2 31.Qd8+ Kh7 32.Nxf7 Qe3+ 33.Qd3+ Ne4+ 34.Kc2 Qf2+ 35.Kb3
Qxf4 36.g5 g6 37.Nd8 Nd2+ 38.Kc2 Qxc4+ 39.Kxd2 Qxa2+ 40.Ke3 Qd5
41.Qxg6+ 1-0

[Event "Vadsøsjakken"]
[Site "Vadsø"]
[Date "2010.08.28"]
[Round "2"]
[White "Holm, Kristian Stuvik"]
[Black "Brasøy, Aksel"]
[Result "1-0"]
[WhiteElo "2035"]
[BlackElo "1917"]
[Annotator ""]
[Source ""]
[Remark "Gruppe A"]

1.d4 Nf6 2.c4 e6 3.Nf3 d5 4.Nc3 Be7 5.Bg5 h6 6.Bh4 O-O 7.cxd5
exd5 8.e3 c6 9.Qc2 Nbd7 10.Bd3 Re8 11.O-O Ne4 12.Bxe7 Qxe7 13.Rab1
a5 14.a3 Nf8 15.b4 axb4 16.axb4 Ng6 17.b5 Bg4 18.Bxe4 dxe4 19.Nd2
f5 20.bxc6 bxc6 21.h3 Bh5 22.Rb6 Qg5 23.Rxc6 Bf3 24.g3 h5 25.Nxf3
exf3 26.Rc5 Ne7 27.Qd1 Rac8 28.Qxf3 Rxc5 29.dxc5 Ng6 30.c6 h4
31.c7 Ne7 32.Rd1 hxg3 33.Qxg3 Qf6 34.Rd8 Kf7 35.Nb5 1-0

[Event "Vadsøsjakken"]
[Site "Vadsø"]
[Date "2010.08.28"]
[Round "2"]
[White "Boitsov, Gennadij"]
[Black "Dezhurko, Arkadi"]
[Result "1/2-1/2"]
[WhiteElo "2224"]
[BlackElo "2151"]
[Annotator ""]
[Source ""]
[Remark "Gruppe A"]

1.c4 d5 2.e3 Nf6 3.Nf3 Bg4 4.Qb3 b6 5.cxd5 Bxf3 6.gxf3 Qxd5 7.Bc4
Qh5 8.Qb5+ Qxb5 9.Bxb5+ c6 10.Be2 e5 11.Rg1 Nd5 12.a3 Nd7 13.Nc3
Nc5 14.Nxd5 cxd5 15.b4 Ne6 16.Bb2 f6 17.Rc1 Rd8 18.Ba6 Kf7 19.Bc8
g6 20.Rc6 Bd6 21.Bxe6+ Kxe6 22.Ke2 Rc8 23.Rgc1 Rxc6 24.Rxc6 Kd7
25.b5 g5 26.d4 Rg8 27.dxe5 fxe5 28.h3 h5 29.a4 g4 30.hxg4 hxg4
31.a5 gxf3+ 32.Kxf3 bxa5 33.Ra6 e4+ 34.Ke2 Bb4 35.Rxa7+ Kd6 36.Bg7
Kc5 37.Rb7 a4 38.Bd4+ Kc4 39.b6 Rg1 40.f4 exf3+ 41.Kxf3 Bd6 42.Rd7
Bh2 43.Ra7 Kb5 44.Ra8 1/2-1/2

[Event "Vadsøsjakken"]
[Site "Vadsø"]
[Date "2010.08.28"]
[Round "2"]
[White "Walseth, Tron"]
[Black "Andreassen, Arnold"]
[Result "0-1"]
[WhiteElo "1950"]
[BlackElo "2098"]
[Annotator ""]
[Source ""]
[Remark "Gruppe A"]

1.c4 Nf6 2.g3 g6 3.Bg2 d5 4.cxd5 Nxd5 5.Nc3 Nb6 6.Nf3 Bg7 7.d3
O-O 8.Be3 c6 9.Qd2 Na6 10.Bh6 Nb4 11.Rc1 N4d5 12.h4 f6 13.Ne4
Bg4 14.Nc5 Qc8 15.h5 g5 16.Bxg7 Kxg7 17.e4 Bxf3 18.h6+ Kh8 19.Bxf3
Nc7 20.Qe2 e6 21.Bg4 Qe8 22.Nxb7 Nb5 23.Qe3 e5 24.f4 Qe7 25.Nc5
Nd4 26.f5 Rab8 27.Ne6 Rfc8 28.Nxd4 Qb4+ 29.Ke2 exd4 30.Qd2 Qd6
31.Kf3 Nd7 32.Kg2 Ne5 33.Bd1 g4 34.Rh4 Rg8 35.b3 Nf3 36.Qa5 Nxh4+
37.gxh4 g3 38.e5 fxe5 39.Bf3 Rb5 40.Qxa7 Qxh6 41.Qe7 Qd2+ 0-1

[Event "Vadsøsjakken"]
[Site "Vadsø"]
[Date "2010.08.28"]
[Round "2"]
[White "Demac, Elias"]
[Black "Schølseth, Tor Kristian"]
[Result "1-0"]
[WhiteElo "2112"]
[BlackElo "2017"]
[Annotator ""]
[Source ""]
[Remark "Gruppe A"]

1.d4 d5 2.c4 e6 3.Nc3 Nf6 4.cxd5 exd5 5.Bg5 c6 6.e3 Bf5 7.Bd3
Bxd3 8.Qxd3 Bd6 9.Nf3 Nbd7 10.O-O O-O 11.Qf5 Re8 {(=)} 12.Rfe1
Nf8 13.e4 dxe4 14.Nxe4 Be7 15.Nxf6+ gxf6 16.Bh6 Qd7 17.Qd3 Rad8
18.Re4 Ng6 19.h4 Bf8 20.Bxf8 Rxe4 21.Qxe4 Nxf8 22.Re1 Qd5 23.Qg4+
Kh8 24.Qf4 Qd6 25.Qf5 Ng6 26.h5 Ne7 27.Qe4 Nd5 28.h6 Rg8 29.Nh4
Nc7 30.Nf5 Qd5 31.Qxd5 Nxd5 32.Nd6 Rb8 33.Nxb7 Kg8 34.Nc5 Rd8
35.Nd7 Rc8 36.b4 f5 37.a3 f6 38.Rc1 Rd8 39.Nc5 Kf7 40.Nb3 Ne7
41.g3 Kg6 42.Re1 Rd7 43.Nc5 Rc7 44.Re6 Nd5 45.Rd6 Kxh6 46.b5 1-0

[Event "Vadsøsjakken"]
[Site "Vadsø"]
[Date "2010.08.28"]
[Round "2"]
[White "Svenske, Jan"]
[Black "Johnsen, Kjell Magne"]
[Result "0-1"]
[WhiteElo "1717"]
[BlackElo "1937"]
[Annotator ""]
[Source ""]
[Remark "Gruppe A"]

1.d4 e6 2.c4 b6 3.Nc3 Bb7 4.d5 Bb4 5.e4 Qe7 6.Be2 Bxc3+ 7.bxc3
d6 8.Nf3 e5 9.O-O Nd7 10.Be3 {%07-2106189483} Ngf6 11.Nd2 Nc5
12.Qc2 Nfd7 13.f4 f6 14.Rf2 O-O-O 15.a4 a5 16.f5 Rdg8 17.Raf1
Kd8 18.Kh1 Ba6 19.Nb1 g6 20.Na3 Qg7 21.Bxc5 Nxc5 22.g3 Rf8 23.Nb5
Bxb5 24.cxb5 h5 25.c4 Ke7 26.Bf3 gxf5 27.exf5 Qg5 28.Rg2 Rfg8
29.h4 Qe3 30.Re2 Qa3 31.Ree1 Qxa4 32.Ra1 Qxc2 0-1

[Event "Vadsøsjakken"]
[Site "Vadsø"]
[Date "2010.08.28"]
[Round "2"]
[White "Esbensen, Andreas"]
[Black "Hagesæther, Arne"]
[Result "1/2-1/2"]
[WhiteElo "2050"]
[BlackElo "2081"]
[Annotator ""]
[Source ""]
[Remark "Gruppe A"]

1.e4 c6 2.d4 d5 3.e5 c5 4.dxc5 e6 5.Nf3 Bxc5 6.Bd3 b6 7.O-O Ba6
8.Bxa6 Nxa6 9.c3 Nb8 10.b4 Be7 11.Nd4 Qd7 12.Nd2 Nc6 13.N2f3
Rc8 14.Bd2 Nxd4 15.Nxd4 Rc4 16.Rb1 Bd8 17.a4 Ne7 18.Re1 O-O 19.Qb3
Nc6 20.Nb5 Be7 21.Na3 Rg4 22.h3 Rg6 23.Nc2 Qc7 24.f4 {(=)} Rd8
25.Nd4 Rg3 26.Qb2 Bh4 27.Re2 Nxd4 28.cxd4 Rd3 29.Rc1 Qd7 30.b5
Bg3 31.Rc6 Qe7 32.Re3 Rxd2 33.Qxd2 Bxf4 34.Qc3 Bxe3+ 35.Qxe3
h6 36.Qc3 Rd7 37.Rc8+ Kh7 38.Qc2+ g6 39.Qc6 h5 40.Qa8 Kh6 41.Qc6
Kg7 42.Ra8 Kh6 1/2-1/2

[Event "Vadsøsjakken"]
[Site "Vadsø"]
[Date "2010.08.28"]
[Round "2"]
[White "Arvola, Benjamin"]
[Black "Houska, Jovanka"]
[Result "0-1"]
[WhiteElo "2170"]
[BlackElo "2421"]
[Annotator ""]
[Source ""]
[Remark "Gruppe A"]

1.e4 c6 2.d4 d5 3.e5 Bf5 4.c4 e6 5.Nc3 Ne7 6.a3 dxc4 7.Bxc4 Nd7
8.Nge2 Nb6 9.Bd3 Bxd3 10.Qxd3 Nf5 11.O-O Be7 12.Be3 Qd7 13.Rad1
Rd8 14.b4 O-O 15.Ne4 Nd5 16.N2g3 Nxg3 17.hxg3 h6 18.Rfe1 Qc7
19.Qe2 a5 20.Qh5 Nxe3 21.Rxe3 Rd5 22.g4 Qd8 23.Red3 axb4 24.axb4
f6 25.Nc3 Rd7 26.exf6 Bxf6 27.Qc5 Kh7 28.Qc4 Qe7 29.Re1 Rfd8
30.Re4 e5 31.g5 Bxg5 32.Rxe5 Rxd4 33.Rxd4 Qxe5 34.Qd3+ g6 35.Rxd8
Bxd8 36.Qxd8 Qxc3 37.Qc7+ Qg7 38.Qb6 h5 39.Kh2 Qd7 40.Kg1 Kg7
41.Kh2 Kf6 42.Kg1 Kf7 43.Kh2 Qd6+ 44.Kh1 Qe7 45.Kg1 h4 46.Kf1
g5 47.Kg1 Kf6 48.Kf1 Ke6 49.Qe3+ Kd7 50.Qa7 Qxb4 51.Kg1 Qe1+
52.Kh2 Qe5+ 53.Kh3 Kc7 54.Kg4 Qd5 55.g3 hxg3 56.fxg3 Qe5 57.Qa8
b5 58.Qf8 Kb6 59.Qd8+ Kc5 60.Qa5 Qd5 61.Kh5 Kc4 62.Qa2+ Kb4 63.Qb1+
Ka5 64.Qe1+ b4 65.g4 c5 66.Qe7 b3 67.Qa7+ Kb4 68.Qb8+ Ka3 69.Qa8+
Qxa8 0-1

[Event "Vadsøsjakken"]
[Site "Vadsø"]
[Date "2010.08.28"]
[Round "2"]
[White "Røyset, Pål"]
[Black "Kristensen, Kjell Ole"]
[Result "1/2-1/2"]
[WhiteElo "2060"]
[BlackElo "2017"]
[Annotator ""]
[Source ""]
[Remark "Gruppe A"]

1.c4 c5 2.Nc3 Nc6 3.g3 g6 4.Bg2 Bg7 5.a3 Nf6 6.d3 O-O 7.e4 d6
8.Nge2 Rb8 9.Rb1 a6 10.b4 cxb4 11.axb4 b5 12.cxb5 axb5 13.O-O
Bd7 14.h3 Ne8 15.Be3 Qc8 16.Nd5 Qd8 17.d4 e6 18.Ndc3 Ne7 19.Qb3
h6 20.Ra1 Kh7 21.Ra7 Nc6 22.Ra3 e5 23.dxe5 Nxe5 24.Nd5 Nc4 25.Ra7
Be6 26.Rd1 Ra8 27.Rxa8 Qxa8 28.Nd4 Qa6 29.Qc3 Qc8 30.Kh2 Nf6
31.Nxf6+ Bxf6 32.Qc1 Nxe3 33.Qxe3 Bc4 34.h4 Re8 35.Qd2 Rd8 36.Rc1
Qa6 37.f4 d5 38.e5 Be7 39.f5 Bf8 40.e6 gxf5 41.exf7 Qf6 42.Bh3
Qxf7 43.Bxf5+ Kh8 44.Re1 Rd6 45.Be6 Qf6 46.Bh3 Ra6 47.Re6 Rxe6
48.Nxe6 Bd6 49.Qd4 Qxd4 50.Nxd4 Bxb4 51.Bd7 Kg7 52.Kg2 Kf6 53.Bxb5
Bc5 54.Bxc4 dxc4 55.Ne2 Kf5 56.Kf3 h5 57.Nc3 Ke5 58.Ne2 Bb6 59.g4
hxg4+ 60.Kxg4 Ke4 61.h5 Kd3 62.Kf3 Bd8 63.Nf4+ Kd2 64.Nd5 Bg5
65.Ke4 1/2-1/2

[Event "Vadsøsjakken"]
[Site "Vadsø"]
[Date "2010.08.28"]
[Round "2"]
[White "Tiviakov, Sergei"]
[Black "Grønn, Atle"]
[Result "1-0"]
[WhiteElo "2623"]
[BlackElo "2378"]
[Annotator ""]
[Source ""]
[Remark "Gruppe A"]

1.e4 d6 2.d4 g6 3.c3 Bg7 4.Nf3 Nf6 5.Bd3 O-O 6.O-O Nc6 7.d5 Nb8
8.c4 c6 9.Nc3 Na6 10.Re1 Nd7 11.Bf4 Nac5 12.Bf1 Qc7 13.Rc1 a5
14.Qd2 Re8 15.h4 h5 16.Rc2 a4 17.Bh6 Bf6 18.Bg5 Bg7 19.Qe3 Nf6
20.Bf4 Ra5 21.Qd2 Ng4 22.Bg3 Bh6 23.Qd1 Bg7 24.a3 cxd5 25.Nxd5
Qd8 26.Bf4 Bd7 27.Bg5 Bc6 28.Nd4 Bxd4 29.Qxd4 Ne6 30.Qd2 Nxg5
31.Qxg5 e6 32.Qxd8 Rxd8 33.Nb4 Kf8 34.f3 Ne5 35.Kf2 Ke7 36.Be2
f5 37.exf5 gxf5 38.f4 Ng6 39.g3 Rh8 40.Bd3 Kf6 41.Rd2 e5 42.Be2
Ke7 43.Red1 exf4 44.Rxd6 fxg3+ 45.Kxg3 Rg8 46.Kf2 Ne5 47.Rh6
Be4 48.Rh7+ Ke6 49.Ke3 Rg2 {Det ble gjort 7 trekk til i tidsnøden} 1-0

[Event "Vadsøsjakken"]
[Site "Vadsø"]
[Date "2010.08.28"]
[Round "3"]
[White "Rølvåg, Mikael"]
[Black "Savenkova, Anna"]
[Result "1/2-1/2"]
[WhiteElo "2086"]
[BlackElo "2141"]
[Annotator ""]
[Source ""]
[Remark "Gruppe A"]

1.c4 e6 2.Nc3 d5 3.cxd5 exd5 4.d4 c6 5.Qc2 Bd6 6.e4 dxe4 7.Nxe4
Nf6 8.Nxd6+ Qxd6 9.Bd3 O-O 10.Ne2 Be6 11.O-O h6 12.Bf4 Qd8 13.Qd2
Nbd7 14.b3 Nd5 15.Bg3 N7f6 16.Rad1 Qd7 17.Rfe1 Bf5 18.Nc1 Rfe8
19.Re5 Bxd3 20.Nxd3 Qg4 21.Nc5 {(=)} b6 22.f3 1/2-1/2

[Event "Vadsøsjakken"]
[Site "Vadsø"]
[Date "2010.08.28"]
[Round "3"]
[White "Flermoen, Peter"]
[Black "Getz, Nicolai"]
[Result "0-1"]
[WhiteElo "2110"]
[BlackElo "2252"]
[Annotator ""]
[Source ""]
[Remark "Gruppe A"]

1.e4 c5 2.Nf3 Nc6 3.Nc3 g6 4.d4 cxd4 5.Nxd4 Bg7 6.Be3 Nf6 7.Bc4
O-O 8.Bb3 a5 9.f3 d5 10.exd5 Nb4 11.Ndb5 a4 12.Bc4 Bd7 13.Bd4
Bxb5 14.Bxb5 Nfxd5 15.Bxg7 Kxg7 16.Nxd5 Nxd5 17.Qd4+ e5 18.Qd2
a3 19.b3 Qh4+ 20.g3 Qd4 21.Qxd4 exd4 22.Kd2 Nc3 23.Bc4 b5 24.Bd3
Rfe8 25.Rhe1 Rxe1 26.Rxe1 b4 27.Be4 Re8 28.Ra1 f5 29.Bd3 Re3
30.f4 Kh6 31.Bc4 Kh5 32.Bg8 Ne4+ 33.Kd1 Kg4 0-1

[Event "Vadsøsjakken"]
[Site "Vadsø"]
[Date "2010.08.28"]
[Round "3"]
[White "Schølseth, Tor Kristian"]
[Black "Svenske, Jan"]
[Result "1-0"]
[WhiteElo "2017"]
[BlackElo "1717"]
[Annotator ""]
[Source ""]
[Remark "Gruppe A"]

1.d4 Nf6 2.c4 e6 3.g3 Bb4+ 4.Bd2 Bxd2+ 5.Qxd2 d5 6.Bg2 O-O 7.Nf3
c6 8.O-O Nbd7 9.Qc2 Re8 10.Nbd2 a5 11.e4 dxe4 12.Nxe4 Nxe4 13.Qxe4
Nf6 14.Qc2 Re7 15.Rad1 Rc7 16.c5 Nd5 17.a3 Rb8 18.Ne5 Qe8 19.Nc4
b5 20.cxb6 Nxb6 21.Nxa5 Bd7 22.Rfe1 Qc8 23.b4 Nd5 24.Rc1 Rb6
25.Qc5 Rb5 26.Qd6 Be8 27.Rc5 Rxc5 28.Qxc5 Qa6 29.Bxd5 1-0